[Event "OP-2014-0-03446"]
[Site "LSS email"]
[Date "2014.07.22"]
[Round "?"]
[White "Linart, Ludvik"]
[Black "Sima, Nikola"]
[Result "1-0"]
[WhiteElo "922"]
[BlackElo "1681"]
[PlyCount "36"]
[EventDate "2014.07.18"]
[EventType "tourn (corr)"]
[EventRounds "4"]
[EventCountry "GER"]
[SourceTitle "Corr 2015"]
[Source "ChessBase"]
[SourceDate "2015.07.17"]
[SourceVersion "1"]
[SourceVersionDate "2015.07.17"]
[SourceQuality "1"]

1. d4 c6 2. e4 d5 3. e5 c5 4. c3 Nc6 5. Nf3 cxd4 6. cxd4 Bg4 7. Bb5 e6 8. 0-0 Nge7 9. Qb3 a6 10. Bxc6+ Nxc6 11. Nbd2 Be7 12. h3 Bf5 13. Re1 Nb4 14. Nh4 Bc2 15. Qg3 Bxh4 16. Qxg7 Kd7 17. Qxf7+ Be7 18. a3 Bg6 1-0

[Event "OP-2014-0-03446"]
[Site "LSS email"]
[Date "2014.07.22"]
[Round "?"]
[White "Sima, Nikola"]
[Black "Lombardi, Donato"]
[Result "0-1"]
[WhiteElo "1681"]
[BlackElo "750"]
[PlyCount "32"]
[EventDate "2014.07.18"]
[EventType "tourn (corr)"]
[EventRounds "4"]
[EventCountry "GER"]
[SourceTitle "Corr 2015"]
[Source "ChessBase"]
[SourceDate "2015.07.17"]
[SourceVersion "1"]
[SourceVersionDate "2015.07.17"]
[SourceQuality "1"]

1. e4 e6 2. d4 d5 3. Nc3 Nf6 4. e5 Nfd7 5. f4 a6 6. Nf3 c5 7. Be3 Nc6 8. Be2 Qb6 9. a3 cxd4 10. Nxd4 Nxd4 11. Bxd4 Be7 12. Bxb6 Nxb6 13. Qd4 Nd7 14. f5 exf5 15. Nxd5 Bd8 16. e6 fxe6 0-1

[Event "OP-2014-0-03346"]
[Site "LSS email"]
[Date "2014.03.21"]
[Round "?"]
[White "Ortega, Rayner"]
[Black "Sima, Nikola"]
[Result "0-1"]
[WhiteElo "624"]
[BlackElo "1824"]
[PlyCount "24"]
[EventDate "2014.03.17"]
[EventType "tourn (corr)"]
[EventRounds "4"]
[EventCountry "GER"]
[SourceTitle "Corr 2022"]
[Source "ChessBase"]
[SourceDate "2021.10.24"]
[SourceVersion "1"]
[SourceVersionDate "2021.10.24"]
[SourceQuality "1"]

1. d4 d5 2. Nc3 Nf6 3. Bd2 Bf5 4. e3 e6 5. h3 c5 6. Bb5+ Nc6 7. Bxc6+ bxc6 8. Nge2 Rb8 9. b3 Bd6 10. g4 Be4 11. Nxe4 Nxe4 12. f3 Qh4+ 0-1

[Event "OP-2014-0-03346"]
[Site "LSS email"]
[Date "2014.03.21"]
[Round "?"]
[White "Sima, Nikola"]
[Black "Czech, Zygfryd"]
[Result "0-1"]
[WhiteElo "1824"]
[BlackElo "1224"]
[PlyCount "62"]
[EventDate "2014.03.17"]
[EventType "tourn (corr)"]
[EventRounds "4"]
[EventCountry "GER"]
[SourceTitle "Telechess CBM 167"]
[Source "ChessBase"]
[SourceDate "2015.07.13"]
[SourceVersion "1"]
[SourceVersionDate "2015.07.13"]
[SourceQuality "1"]

1. e4 c5 2. Nf3 d6 3. d4 cxd4 4. Nxd4 Nf6 5. Nc3 a6 6. Bg5 Nbd7 7. Be2 e6 8. 0-0 Be7 9. Qd2 h6 10. Be3 Qc7 11. f4 b5 12. Bf3 Bb7 13. f5 e5 14. Nb3 Rc8 15. Rac1 0-0 16. a3 Nb6 17. Na5 Ba8 18. Kh1 Na4 19. Nxa4 bxa4 20. b4 Nxe4 21. Qd3 d5 22. Bxe4 dxe4 23. Qe2 Rfd8 24. f6 Bxf6 25. Rxf6 gxf6 26. Qg4+ Kh8 27. Qh5 Qd7 28. Qxh6+ Kg8 29. Qxf6 Qg4 30. h3 Qg7 31. Qe7 Re8 0-1

[Event "OP-2014-0-03337"]
[Site "LSS email"]
[Date "2014.03.15"]
[Round "?"]
[White "Sima, Nikola"]
[Black "Lebduska, Daniel"]
[Result "1-0"]
[WhiteElo "1824"]
[BlackElo "547"]
[PlyCount "41"]
[EventDate "2014.03.11"]
[EventType "tourn (corr)"]
[EventRounds "4"]
[EventCountry "GER"]
[SourceTitle "Corr 2022"]
[Source "ChessBase"]
[SourceDate "2021.10.24"]
[SourceVersion "1"]
[SourceVersionDate "2021.10.24"]
[SourceQuality "1"]

1. d4 d5 2. c4 c6 3. e3 Nf6 4. Nf3 Bf5 5. Nc3 e6 6. Nh4 Bb4 7. Qb3 Be7 8. Qxb7 Nbd7 9. Nxf5 exf5 10. Qxc6 Rc8 11. Qa6 Ra8 12. c5 0-0 13. Be2 Nb8 14. Qb7 Nbd7 15. Nxd5 Nxd5 16. Qxd5 g6 17. c6 Bb4+ 18. Kd1 Nf6 19. Qxd8 Raxd8 20. a3 Bd6 21. b4 1-0

[Event "OP-2014-0-03337"]
[Site "LSS email"]
[Date "2014.03.15"]
[Round "?"]
[White "Sima, Nikola"]
[Black "Pons, Francisco"]
[Result "1-0"]
[WhiteElo "1824"]
[BlackElo "1416"]
[PlyCount "61"]
[EventDate "2014.03.11"]
[EventType "tourn (corr)"]
[EventRounds "4"]
[EventCountry "GER"]
[SourceTitle "Corr 2022"]
[Source "ChessBase"]
[SourceDate "2021.10.24"]
[SourceVersion "1"]
[SourceVersionDate "2021.10.24"]
[SourceQuality "1"]

1. d4 d5 2. c4 dxc4 3. e3 e5 4. Bxc4 exd4 5. exd4 Bb4+ 6. Nc3 Qe7+ 7. Nge2 Nc6 8. 0-0 Nf6 9. Bg5 Bg4 10. Nd5 Qd6 11. Bf4 Qxd5 12. Bxd5 Nxd5 13. a3 Ba5 14. Bd2 Bb6 15. Re1 0-0 16. h3 Be6 17. Bc3 Rad8 18. Qd3 Nf6 19. b4 Nd5 20. Bb2 a5 21. b5 Nce7 22. Ng3 Nf4 23. Qd2 Nfg6 24. a4 c5 25. Rac1 cxd4 26. Ba3 Rfe8 27. Bc5 Bxc5 28. Rxc5 b6 29. Rc7 Nd5 30. Rc4 Nc3 31. Rxd4 1-0